| 000 | 00470nam a2200169 i 4500 | ||
|---|---|---|---|
| 001 | 45441 | ||
| 003 | ES-MaACL | ||
| 005 | 20230906161223.0 | ||
| 007 | t| | ||
| 008 | 030326s1913 it ||||1| ita d | ||
| 100 | 1 |
_aCogliolo, Pietro. _939474 |
|
| 245 | 1 | 0 |
_aScriti varii di Diritto Privato / _cPrieto Cogliolo. |
| 250 | _a3ยช ed. | ||
| 260 |
_aTorino : _b[s.n., _c1913] ( _fUnione Tip. Editrice Torinense) |
||
| 300 |
_a2 v. ; _c24 cm. |
||
| 852 |
_aES-MaACL _jD-2252-53 |
||
| 999 |
_c45441 _d45441 |
||